Normal view
MARC view
- NAGY, F. N, N-NAGY, FRANCIS, SIEGLES, A
Entry Personal Name
001 - CONTROL NUMBER
- control field: 66619
003 - CONTROL NUMBER IDENTIFIER
- control field: NUST
005 - DATE AND TIME OF LATEST TRANSACTION
- control field: 20210628203626.0
008 - FIXED-LENGTH DATA ELEMENTS
- fixed length control field: 210628|| aca||aabn | a|a d
040 ## - CATALOGING SOURCE
- Original cataloging agency: NUST
- Transcribing agency: NUST
100 ## - HEADING--PERSONAL NAME
- Personal name: NAGY, F. N, N-NAGY, FRANCIS, SIEGLES, A
670 ## - SOURCE DATA FOUND
- Source citation: Work cat.: (NUST): NAGY, F. N, N-NAGY, FRANCIS, SIEGLES, A, ENGINEERING FOUNDATION OF ROBOTICS, 1987
